000 00274nam a22001217a 4500
020 _a81-7164-050-8
041 _aENG
245 _aHandbook Of Agriculture
260 _aNew Delhi
_bICAR
_c1961
300 _a1346
650 _aAgricultural
856 _uAgricultural ( 19 )
999 _c2196
_d2196